[Event "Pescara op"]
[Site "Pescara"]
[Date "2004.11.11"]
[Round "1"]
[White "Concordia, Ettore"]
[Black "Iandolo, Marco"]
[Result "0-1"]
[WhiteElo "1619"]
[BlackElo "1778"]
[PlyCount "38"]
[EventDate "2004.11.11"]
[EventType "swiss"]
[EventRounds "6"]
[EventCountry "ITA"]
[SourceTitle "EXT 2005"]
[Source "ChessBase"]
[SourceDate "2004.11.15"]
[SourceVersion "1"]
[SourceVersionDate "2004.11.15"]
[SourceQuality "1"]

1. e4 d5 2. exd5 Nf6 3. d4 Bg4 4. Be2 Bxe2 5. Qxe2 Qxd5 6. Nf3 Nc6 7. 0-0 0-0-0 8. c4 Qf5 9. Be3 e6 10. a3 Bd6 11. Nc3 g5 12. c5 Bf4 13. Bxf4 Qxf4 14. Rfd1 Nxd4 15. Nxd4 Rxd4 16. Rxd4 Qxd4 17. Qb5 a6 18. Qb4 Rd8 19. Rd1 Qxd1+ 0-1